G-force / (Record no. 55702)

MARC details
000 -LEADER
fixed length control field 03444ngm a2200445 4500
001 - CONTROL NUMBER
control field DVD-7855-7863
003 - CONTROL NUMBER IDENTIFIER
control field dpl
005 - DATE AND TIME OF LATEST TRANSACTION
control field 20110819123022.0
006 - FIXED-LENGTH DATA ELEMENTS--ADDITIONAL MATERIAL CHARACTERISTICS--GENERAL INFORMATION
fixed length control field a|||||r|||||00| 0
007 - PHYSICAL DESCRIPTION FIXED FIELD--GENERAL INFORMATION
fixed length control field DVD
008 - FIXED-LENGTH DATA ELEMENTS--GENERAL INFORMATION
fixed length control field ||||||sp199 xxu|||||c ||| 00| 0 engd
010 ## - LIBRARY OF CONGRESS CONTROL NUMBER
LC control number DVD-7855-7863
024 ## - OTHER STANDARD IDENTIFIER
Standard number or code 1100357
Terms of availability 599.00
035 ## - SYSTEM CONTROL NUMBER
System control number DVD-7855-7863
037 ## - SOURCE OF ACQUISITION
Source of stock number/acquisition Pioneers Office Automation
040 ## - CATALOGING SOURCE
Original cataloging agency DPL
Transcribing agency DPL
082 ## - DEWEY DECIMAL CLASSIFICATION NUMBER
Classification number DVD / GFOR
245 ## - TITLE STATEMENT
Title G-force /
Statement of responsibility, etc Disney and Jerry Bruckhemer Films ; directed by Hoyt H. Yeatman; music by Trevur Rabin
Medium [videorecording] DVD/
260 ## - PUBLICATION, DISTRIBUTION, ETC. (IMPRINT)
Name of publisher, distributor, etc Walt Disney Stuios Home Entertainment
Place of publication, distribution, etc Mumbai
300 ## - PHYSICAL DESCRIPTION
Extent 1 videodisc DVD;(84.37 Min)
Other physical details sd., col. ;
Dimensions 4 3/4 in.
Type of unit DVD
306 ## - PLAYING TIME
Playing time 84.37 Min
538 ## - SYSTEM DETAILS NOTE
System details note Aspect Ratio: 2.4, Languages: English, English audio descriptive, Nederlands, Magyar, Vlaams, Subtitles: English, English audio descriptive, Nederlands, Magyar, Presentation Type: Widescreen, Presentaton Size: 16x9, Format: DVD 9
650 ## - SUBJECT ADDED ENTRY--TOPICAL TERM
Topical term or geographic name as entry element Motion Picture
9 (RLIN) 33049
700 ## - ADDED ENTRY--PERSONAL NAME
Personal name Yeatman, Hoyt H.
9 (RLIN) 33050
700 ## - ADDED ENTRY--PERSONAL NAME
Personal name Rabin, Trevur
9 (RLIN) 33051
700 ## - ADDED ENTRY--PERSONAL NAME
Personal name Hellmann, Jason
9 (RLIN) 33052
700 ## - ADDED ENTRY--PERSONAL NAME
Personal name Nelson, Kathy
9 (RLIN) 33053
942 ## - ADDED ENTRY ELEMENTS (KOHA)
Item type CD-ROMs, DVDs, VHS
Source of classification or shelving scheme Dewey Decimal Classification
Classification part DVD
Call number suffix GFOR
Holdings
Withdrawn status Lost status Source of classification or shelving scheme Damaged status Not for loan Collection code Home library Current library Date acquired Source of acquisition Cost, normal purchase price Total Checkouts Full call number Barcode Date last seen Date last borrowed Copy number Cost, replacement price Price effective from Koha item type Total Renewals
    Dewey Decimal Classification     Fiction Central Library Central Library 19/08/2011 Pioneers Office Automation/157/19.5.11/295/28.3.11/14.7.11 599.00 5 DVD GFOR DVD-007855 30/08/2018 16/08/2018 1 599.00 19/08/2011 CD-ROMs, DVDs, VHS  
    Dewey Decimal Classification     Fiction Janak Puri Janak Puri 19/08/2011 Pioneers Office Automation/157/19.5.11/295/28.3.11/14.7.11 599.00 8 DVD GFOR DVD-007857 23/03/2013 22/03/2013 1 599.00 19/08/2011 CD-ROMs, DVDs, VHS 1
    Dewey Decimal Classification     Fiction Karol Bagh Karol Bagh 19/08/2011 Pioneers Office Automation/157/19.5.11/295/28.3.11/14.7.11 599.00 6 DVD GFOR DVD-007861 06/05/2015 21/04/2015 1 599.00 19/08/2011 CD-ROMs, DVDs, VHS  
    Dewey Decimal Classification     Fiction Narela Narela 19/08/2011 Pioneers Office Automation/157/19.5.11/295/28.3.11/14.7.11 599.00 3 DVD GFOR DVD-007862 27/06/2013 26/06/2013 1 599.00 19/08/2011 CD-ROMs, DVDs, VHS  
    Dewey Decimal Classification     Fiction Patel Nagar Patel Nagar 19/08/2011 Pioneers Office Automation/157/19.5.11/295/28.3.11/14.7.11 599.00 5 DVD GFOR DVD-007856 07/11/2013 15/10/2013 1 599.00 19/08/2011 CD-ROMs, DVDs, VHS  
    Dewey Decimal Classification     Fiction R.K.Puram-8 R.K.Puram-8 19/08/2011 Pioneers Office Automation/157/19.5.11/295/28.3.11/14.7.11 599.00 12 DVD GFOR DVD-007859 11/11/2017 14/10/2017 1 599.00 19/08/2011 CD-ROMs, DVDs, VHS 3
    Dewey Decimal Classification     Fiction Sarojini Nagar Sarojini Nagar 19/08/2011 Pioneers Office Automation/157/19.5.11/295/28.3.11/14.7.11 599.00 19 DVD GFOR DVD-007858 03/10/2016 17/09/2016 1 599.00 19/08/2011 CD-ROMs, DVDs, VHS  
    Dewey Decimal Classification     Fiction Shahdara Branch Shahdara Branch 19/08/2011 Pioneers Office Automation/157/19.5.11/295/28.3.11/14.7.11 599.00   DVD GFOR DVD-007863 19/08/2011   1 599.00 19/08/2011 CD-ROMs, DVDs, VHS  
    Dewey Decimal Classification     Fiction Vinoba Puri Vinoba Puri 19/08/2011 Pioneers Office Automation/157/19.5.11/295/28.3.11/14.7.11 599.00 5 DVD GFOR DVD-007860 27/07/2018 10/07/2018 1 599.00 19/08/2011 CD-ROMs, DVDs, VHS  

© Delhi Public Library
Hit Counter
free hit counter